000
00247nam a22001217a 4500
041
_a
ENG
100
_a
Lockeretz.W
245
_a
Agriculture and Energy
260
_a
New York
_b
Academic Press
_c
1977
300
_a
750
650
_a
GAE
856
_u
GAE
999
_c
2806
_d
2806